| 000 | 01966cam a22003974i 4500 | ||
|---|---|---|---|
| 003 | PE-LiUPU | ||
| 005 | 20250731183450.0 | ||
| 008 | 241231b |||||||| |||| 00| 0 spa d | ||
| 020 | _a9786123173104 | ||
| 040 |
_bspa _cPE-LiUPU _erda _dPE-LiUPU |
||
| 082 | 0 | 4 |
_a720.1 _bP724e _223 |
| 100 |
_aPleitinx, Renaud, _eautor. _94881 |
||
| 245 | 1 | 0 |
_aEnsayos para una teoría mediacionista de la arquitectura / _cRenaud Pleitinx ; [traducción del francés, Esit]. |
| 250 | _aPrimera edición. | ||
| 264 | 1 |
_aLima : _bFacultad de Arquitectura y Urbanismo : _bPontificia Universidad Católica del Perú, Fondo Editorial, _c2018. |
|
| 300 |
_a79 páginas : _bilustraciones ; _c18 cm. |
||
| 336 |
_atext _2rdacontent |
||
| 337 |
_aunmediated _2rdamedia |
||
| 338 |
_avolume _2rdacarrier |
||
| 490 | 0 | _aDecir arquitectura | |
| 500 | _a"Se trata aquí de hacer comprender que el vacío, la abstracción que caracteriza los valores estructurales (formas del hábitat) implica, tanto en arquitectura como en otra áreas de la cultura, un esfuerzo de formulación cuya solución, siempre contingente y transitoria, supone la existencia de una pluralidad y de una diversidad de alternativas formales. Así, estableceremos en detalle que el hombre no tiene -estructuralmente- la fórmula (única y definitiva) de su hábitat"-- Cubierta posterior. | ||
| 504 | _aIncluye bibliografías. | ||
| 505 | _aEsa nada que nos mueve -- El dispositivo suprimido. | ||
| 526 | _aP158 | ||
| 526 | _aP146 | ||
| 526 | _aP17 | ||
| 526 | _aP12 | ||
| 526 | _aP06 | ||
| 650 | 1 | 4 |
_aArquitectura _xEnsayos, conferencias, etc. |
| 650 | 1 | 4 |
_aEspacio (Arquitectura) _9551 |
| 650 | 1 | 4 |
_aUrbanismo _93430 |
| 710 |
_aEsit Traducciones (Lima) _94882 |
||
| 710 |
_aPontificia Universidad Católica del Perú. _92255 _bFacultad de Arquitectura y Urbanismo. |
||
| 942 |
_2ddc _cBK |
||
| 999 |
_c62809 _d62808 |
||
| 980 |
_618226 _aJaime Vilcazán Jefe de Análisis Documental _81 _gALBERTO SANCHEZ Responsable de Automatización |
||